[Event "Michigan Open Reserve"]
[Site "Flint, MI"]
[Date "1998.??.??"]
[Round "?"]
[White "Saylor, Oliver"]
[Black "Councell, Keith"]
[Result "0-1"]
[WhiteElo "1605"]
[BlackElo "1605"]
[PlyCount "100"]
[EventDate "1998.09.??"]

1. e4 c6 2. d4 d5 3. e5 Bf5 4. Nf3 e6 5. Bd3 Bxd3 6. Qxd3 Nd7 7. O-O c5 8. c3
Ne7 9. Bg5 Qb6 10. Qc2 Rc8 11. Qb3 Nf5 12. Qxb6 Nxb6 13. b3 Be7 14. Nbd2 O-O
15. a4 f6 16. exf6 Bxf6 17. Bxf6 Rxf6 18. Ne5 cxd4 19. cxd4 Nxd4 20. a5 Na8 21.
b4 Nc7 22. Nd7 Rf7 23. Nc5 Ncb5 24. Ndb3 b6 25. axb6 axb6 26. Nxd4 Nxd4 27. Nd3
b5 28. Ra2 h6 29. Nc5 e5 30. f3 Nc6 31. Rb2 Rf4 32. Re1 Nxb4 33. Ne6 Nd3 34.
Nxf4 exf4 35. Rbb1 Nxe1 36. Rxe1 g5 37. Re6 Kg7 38. Rd6 Rc5 39. g4 fxg3 40.
hxg3 b4 41. Kf2 Rb5 42. Rc6 b3 43. Rc1 b2 44. Rb1 Kf6 45. Ke2 Ke5 46. Kd2 h5
47. Kc2 h4 48. Re1+ Kf5 49. f4 hxg3 50. fxg5 b1=Q+ 0-1

[Event "Michigan Amateur"]
[Site "Kalamazoo "]
[Date "1998.??.??"]
[Round "?"]
[White "Saylor, Oliver"]
[Black "Beckwith, Stan"]
[Result "0-1"]
[WhiteElo "1605"]
[BlackElo "1770"]
[PlyCount "120"]
[EventDate "1998.07.??"]

{7/18} 1. e4 c5 2. Nf3 d6 3. d4 cxd4 4. Nxd4 Nf6 5. Nc3 a6 6. Be2 e5 7. Nf3 Be7
8. O-O O-O 9. Nd5 Nxe4 10. Nxe7+ Qxe7 11. Bd3 Nc5 12. Be2 Bd7 13. Re1 Bc6 14.
Bc4 Ne6 15. Qd3 e4 16. Rxe4 Bxe4 17. Qxe4 Nc6 18. Qg4 Rae8 19. Be3 f5 20. Bxe6+
Qxe6 21. Qf4 Ne5 22. Nd4 Qg6 23. b3 Qg4 24. Qxg4 Nxg4 25. Bf4 Ne5 26. Rd1 h6
27. Nf3 g5 28. Bxe5 dxe5 29. h3 e4 30. Nd4 Rd8 31. c3 Rf7 32. Re1 Rd5 33. Kh2
Re7 34. a4 Kf7 35. g4 f4 36. b4 Rde5 37. Nf5 R7e6 38. c4 e3 39. fxe3 fxe3 40.
b5 a5 41. Kg2 Re4 42. c5 Rxa4 43. Nd6+ Rxd6 44. cxd6 Ke6 45. Rxe3+ Kxd6 46.
Rd3+ Kc5 47. b6 Rd4 48. Re3 Rd6 49. Kg3 Rxb6 50. Re5+ Kb4 51. Re4+ Ka3 52. Re5
a4 53. h4 gxh4+ 54. Kxh4 Kb4 55. Re4+ Ka5 56. Re5+ Rb5 57. Re6 a3 58. Rxh6 a2
59. Rh8 Kb4 60. Ra8 Ra5 0-1

[Event "Lansing Mini-Swiss.1"]
[Site "Lansing, MI"]
[Date "1998.??.??"]
[Round "?"]
[White "Santiago, Reynaldo"]
[Black "Williams, Ron"]
[Result "1-0"]
[WhiteElo "2015"]
[BlackElo "1845"]
[PlyCount "89"]
[EventDate "1998.??.??"]

1. e4 c5 2. Nc3 Nc6 3. g3 g6 4. Bg2 Bg7 5. d3 b6 6. f4 e6 7. Nf3 Nge7 8. O-O
O-O 9. Be3 d5 10. Bf2 d4 11. Ne2 e5 12. h3 Qd6 13. fxe5 Nxe5 14. Nxe5 Bxe5 15.
g4 g5 16. Qe1 Ng6 17. Bg3 Be6 18. Bxe5 Qxe5 19. b3 Rad8 20. Qf2 f6 21. Rae1 Rd7
22. Kh1 Rdf7 23. Qg3 Kg7 24. Kh2 Rh8 25. Bf3 h6 26. Ng1 a5 27. a4 Nf4 28. Bd1
h5 29. gxh5 Nxh5 30. Bxh5 Rxh5 31. Qxe5 fxe5 32. Rxf7+ Kxf7 33. Rf1+ Ke7 34.
Kg3 Bd7 35. Rf2 Be6 36. Rh2 Kf6 37. Nf3 Bd7 38. h4 gxh4+ 39. Rxh4 Rxh4 40. Kxh4
Be6 41. Nd2 Bg8 42. Nc4 Bxc4 43. bxc4 Kg6 44. Kg4 Kf6 45. Kh5 1-0

[Event "Michigan Open"]
[Site "Flint, MI"]
[Date "1998.??.??"]
[Round "?"]
[White "Santiago, Reynaldo"]
[Black "Vasas, Jon"]
[Result "1-0"]
[WhiteElo "2035"]
[BlackElo "1660"]
[PlyCount "102"]
[EventDate "1998.09.??"]

{9/5} 1. e4 g6 2. d4 Bg7 3. Nf3 c5 4. Nc3 cxd4 5. Nxd4 Nc6 6. Be3 d6 7. Qd2
Nxd4 8. Bxd4 Nf6 9. Bc4 O-O 10. O-O-O Bd7 11. f3 a6 12. g4 b5 13. Bb3 a5 14. g5
Nh5 15. Bd5 Bxd4 16. Qxd4 Rc8 17. h4 b4 18. Ne2 Qc7 19. Rd2 Bc6 20. Bxc6 Qxc6
21. Kb1 Qc5 22. Rc1 Ng7 23. c4 Ne6 24. Qd3 Qf2 25. Rh1 Nc5 26. Qd5 Qxf3 27. e5
Qf5+ 28. Ka1 Qxe5 29. Qg2 Qe4 30. Qh3 Qe6 31. Qh2 Qe5 32. Nf4 Ne6 33. Nd5 Rfe8
34. h5 Qxh2 35. Rdxh2 Nxg5 36. hxg6 fxg6 37. b3 e6 38. Nf6+ Kg7 39. Nxe8+ Rxe8
40. Rd1 Nf7 41. Kb2 h5 42. Kc2 Kh6 43. Kd2 g5 44. Ke2 h4 45. Rf2 Kg7 46. Kf1
Rc8 47. Kg2 Rc7 48. Kh3 Kf8 49. Rxd6 Re7 50. Ra6 e5 51. Rxa5 e4 1-0

[Event "Michigan Senior"]
[Site "Ann Arbor, MI"]
[Date "1998.??.??"]
[Round "?"]
[White "Santiago, Reynaldo"]
[Black "Schell, Ken"]
[Result "1-0"]
[WhiteElo "2000"]
[BlackElo "1710"]
[PlyCount "67"]
[EventDate "1998.06.??"]

{6/13} 1. e4 d5 2. e5 e6 3. d4 c5 4. c3 Nc6 5. Nf3 Qb6 6. a3 cxd4 7. cxd4 Nge7
8. b4 Nf5 9. Be3 Be7 10. Nbd2 Bd7 11. Be2 a6 12. Nb3 O-O 13. O-O Rfc8 14. Nc5
Be8 15. Rc1 Nd8 16. Qd2 Bb5 17. Bxb5 Qxb5 18. a4 Qe8 19. a5 Qb5 20. Bg5 Rc7 21.
Bxe7 Nxe7 22. Rb1 Rac8 23. Ne1 Ndc6 24. Nc2 Nb8 25. g4 b6 26. Na3 Qc6 27. b5
axb5 28. axb6 Qxb6 29. Nxb5 Rc6 30. Nd6 Qd8 31. Nxc8 Nxc8 32. Rxb8 Qh4 33. Qf4
g5 34. Qf3 1-0

[Event "Michigan Senior"]
[Site "Ann Arbor, MI"]
[Date "1998.??.??"]
[Round "?"]
[White "Santiago, Reynaldo"]
[Black "Lin, A."]
[Result "1-0"]
[WhiteElo "2000"]
[BlackElo "2235"]
[PlyCount "67"]
[EventDate "1998.06.??"]

{6/14} 1. e4 Nc6 2. d4 d6 3. Nf3 Bg4 4. c3 Nf6 5. Nbd2 a6 6. a4 e5 7. d5 Nb8 8.
Bd3 Nbd7 9. b4 Be7 10. h3 Bh5 11. g4 Bg6 12. Qe2 h5 13. g5 Nh7 14. h4 f6 15.
gxf6 Bxf6 16. Nf1 O-O 17. Rg1 Qe8 18. Ng5 Nxg5 19. hxg5 Be7 20. Ng3 h4 21. Nf5
Nb6 22. Nxh4 Bh5 23. Qe3 Nxa4 24. Bd2 g6 25. Rh1 Nb2 26. Be2 Bxe2 27. Qxe2 Qf7
28. Be3 Bxg5 29. Qxb2 Be7 30. Qe2 Qh7 31. Qg4 Rf6 32. Bg5 Raf8 33. Bxf6 Rxf6
34. Ke2 1-0

[Event "Michigan Open"]
[Site "Flint, MI"]
[Date "1998.??.??"]
[Round "?"]
[White "Santiago, Reynaldo"]
[Black "Brumley, Ron"]
[Result "1-0"]
[WhiteElo "2035"]
[BlackElo "1755"]
[PlyCount "53"]
[EventDate "1998.09.??"]

{9/6} 1. e4 e6 2. d4 d5 3. e5 c5 4. c3 Nc6 5. Nf3 Nge7 6. Bd3 Ng6 7. h4 h6 8.
h5 Nge7 9. dxc5 Qc7 10. Bf4 g5 11. hxg6 Nxg6 12. Bxg6 fxg6 13. Qd3 Ne7 14. b4
g5 15. Bxg5 hxg5 16. Rxh8 g4 17. Qh7 gxf3 18. Qg7 Kd7 19. Rxf8 fxg2 20. f4 b6
21. Rf7 Qd8 22. Qxg2 Qh8 23. Qg5 Qh1+ 24. Kd2 Kc6 25. Qxe7 Qg2+ 26. Kc1 Qf1+
27. Kc2 1-0

[Event "Michigan Open"]
[Site "Flint, MI"]
[Date "1998.??.??"]
[Round "?"]
[White "Santiago, Reynaldo"]
[Black "Belill, Nathan"]
[Result "1-0"]
[WhiteElo "2035"]
[BlackElo "1605"]
[PlyCount "63"]
[EventDate "1998.09.??"]

{9/5} 1. e4 c5 2. Nf3 d6 3. d4 cxd4 4. Nxd4 Nf6 5. Nc3 a6 6. Be2 e6 7. g4 Be7
8. g5 Nfd7 9. Rg1 Nc6 10. Be3 Nb6 11. Nb3 Bd7 12. Qd2 Ne5 13. f4 Nec4 14. Bxc4
Nxc4 15. Qd4 Nxe3 16. Qxe3 Rc8 17. O-O-O Qc7 18. Qd4 e5 19. fxe5 dxe5 20. Qf2
O-O 21. Nd5 Qd8 22. h4 Qe8 23. Qg3 Bd8 24. Nf6+ Bxf6 25. gxf6 g6 26. Qg5 Kh8
27. Qh6 Rg8 28. h5 Rc6 29. Rdf1 Be6 30. hxg6 fxg6 31. Qxh7+ Kxh7 32. Rh1+ 1-0

[Event "Michigan Beginners"]
[Site "Grand Rapids, MI"]
[Date "1998.??.??"]
[Round "?"]
[White "Sanborn, Russell"]
[Black "Nolan, Robert"]
[Result "1-0"]
[WhiteElo "1605"]
[BlackElo "1605"]
[PlyCount "151"]
[EventDate "1998.01.??"]

1. e4 Nc6 2. Nc3 Nf6 3. d3 d5 4. exd5 Nxd5 5. Nxd5 Qxd5 6. Nf3 Bg4 7. Be2 e5 8.
O-O Bc5 9. c4 Qd7 10. Be3 b6 11. Bxc5 bxc5 12. a3 Nd4 13. Nxe5 Nxe2+ 14. Qxe2
Bxe2 15. Nxd7 Bxf1 16. Nxc5 O-O 17. Rxf1 Rae8 18. Nd7 Re2 19. Nxf8 Kxf8 20. b4
Ke7 21. h3 Kd6 22. c5+ Kd5 23. Rc1 a6 24. Rc4 Ra2 25. Rc3 Kd4 26. Rc4+ Kd5 27.
Re4 Rxa3 28. Re7 Rxd3 29. Rxf7 Rd4 30. Rd7+ Kc4 31. Rxg7 Kxb4 32. Rxc7 a5 33.
c6 Rd6 34. Rb7+ Kc5 35. c7 Rc6 36. Ra7 Kb6 37. c8=Q Rxc8 38. Rxh7 Ra8 39. Re7
a4 40. Re1 Kb5 41. f4 Kb4 42. f5 Kb3 43. f6 Rf8 44. Re3+ Kb2 45. Re2+ Kb3 46.
Rf2 a3 47. g4 a2 48. Rf1 Kb2 49. g5 a1=Q 50. Rxa1 Kxa1 51. h4 Kb2 52. Kg2 Kc3
53. Kg3 Kd4 54. Kf4 Kd5 55. Kf5 Kd6 56. h5 Ra8 57. g6 Ra5+ 58. Kg4 Ke6 59. g7
Kf7 60. h6 Ra8 61. h7 Ra4+ 62. Kf5 Ra5+ 63. Ke4 Ra4+ 64. Kd5 Rf4 65. g8=Q+ Kxf6
66. Qf8+ Kg5 67. Qxf4+ Kxf4 68. h8=Q Kf5 69. Qe5+ Kg4 70. Qf6 Kg3 71. Ke4 Kg4
72. Qf4+ Kh3 73. Qg5 Kh2 74. Kf3 Kh1 75. Kf2 Kh2 76. Qg2# 1-0

[Event "Michigan Beginners"]
[Site "Grand Rapids, MI"]
[Date "1998.??.??"]
[Round "?"]
[White "Sanborn, Russell"]
[Black "Masek, Adam"]
[Result "0-1"]
[WhiteElo "1605"]
[BlackElo "1605"]
[PlyCount "90"]
[EventDate "1998.01.??"]

1. e4 c6 2. Nc3 d5 3. d3 d4 4. Nce2 e5 5. c3 c5 6. Nf3 Nc6 7. b4 cxb4 8. cxb4
Bxb4+ 9. Bd2 Qa5 10. a3 Bxd2+ 11. Nxd2 Be6 12. Nc1 Nge7 13. Be2 O-O 14. O-O Ng6
15. Rb1 Rab8 16. a4 a6 17. Nc4 Bxc4 18. dxc4 Nf4 19. Nd3 Nxe2+ 20. Qxe2 Qxa4
21. Nc5 Qa5 22. Nd7 b5 23. Nxf8 Kxf8 24. cxb5 axb5 25. Rb2 b4 26. Qd2 b3 27.
Qxa5 Nxa5 28. Rd1 Nc4 29. Rdb1 Nxb2 30. Rxb2 Ke7 31. Kf1 Kd6 32. Ke2 Kc5 33.
Kd2 Kc4 34. g3 Ra8 35. Rb1 Ra2+ 36. Kc1 Kc3 37. Kd1 b2 38. Rxb2 Rxb2 39. Ke1
Kd3 40. Kf1 Kxe4 41. Kg2 d3 42. Kh3 Rxf2 43. Kg4 Rxh2 44. Kg5 f6+ 45. Kg4 h5#
0-1

[Event "U.S. Amateur North"]
[Site "Detroit, MI"]
[Date "1998.??.??"]
[Round "?"]
[White "Sanborn, Richard"]
[Black "Hess, Michael"]
[Result "1-0"]
[WhiteElo "1760"]
[BlackElo "1605"]
[PlyCount "72"]
[EventDate "1998.05.??"]

{5/24} 1. e4 e5 2. f4 exf4 3. Nf3 Nc6 4. d4 Bd6 5. e5 Bb4+ 6. c3 Ba5 7. Bxf4 d6
8. Bb5 Bd7 9. exd6 cxd6 10. O-O Nce7 11. Qd3 a6 12. Bc4 d5 13. Bb3 b5 14. Nbd2
Nf6 15. Bg5 Bf5 16. Qe2 Qd6 17. Nh4 O-O 18. Nxf5 Nxf5 19. Rxf5 Rae8 20. Qf3 Bd8
21. Rf1 Re6 22. Bxf6 Bxf6 23. Bxd5 Re7 24. Ne4 Rxe4 25. Qxe4 Rd8 26. g4 h6 27.
Bb3 Rd7 28. Qe8+ Kh7 29. Rd5 Rd8 30. Bc2+ g6 31. Qxf7+ Bg7 32. Qxg6+ Qxg6 33.
Bxg6+ Kxg6 34. Rxd8 Kg5 35. h3 Kh4 36. Kg2 b4 1-0

[Event "Kalamazoo Mini-Swiss.3"]
[Site "Kalamazoo, MI"]
[Date "1998.??.??"]
[Round "?"]
[White "SanAndreas, E."]
[Black "Amante, Anthony"]
[Result "1-0"]
[WhiteElo "1605"]
[BlackElo "1605"]
[PlyCount "91"]
[EventDate "1998.??.??"]

1. d4 d5 2. e3 Bf5 3. c4 c6 4. Nc3 Nf6 5. Nf3 h6 6. Qb3 Qb6 7. Qxb6 axb6 8.
cxd5 Nxd5 9. Nxd5 cxd5 10. Bb5+ Nc6 11. Ne5 Rc8 12. Bd2 Bd7 13. Nxd7 Kxd7 14.
O-O e6 15. Rfc1 Bd6 16. a4 Ke7 17. a5 Nxa5 18. Rxc8 Rxc8 19. Bxa5 bxa5 20. Rxa5
Rc1+ 21. Bf1 Bxh2+ 22. Kxh2 Rxf1 23. Rb5 Rxf2 24. Rxb7+ Kd8 25. Kg3 Kc8 26. Ra7
Rf6 27. b4 Rg6+ 28. Kf3 f6 29. Re7 f5 30. g3 Kd8 31. Rf7 Ke8 32. Rc7 Kd8 33.
Rc5 Rf6 34. Kf4 Rf7 35. Ke5 Kd7 36. b5 Re7 37. Rc6 Re8 38. Rd6+ Kc7 39. b6+ Kb7
40. Rxe6 Rxe6+ 41. Kxe6 Kxb6 42. Kxd5 Kc7 43. Ke5 Kc6 44. Kxf5 Kd5 45. Kg6 Ke4
46. Kxg7 1-0

[Event "Michigan Class D/E"]
[Site "Grand Rapids, MI"]
[Date "1998.??.??"]
[Round "?"]
[White "Ryskamp, John"]
[Black "Worley, Ron"]
[Result "0-1"]
[WhiteElo "1605"]
[BlackElo "1605"]
[PlyCount "68"]
[EventDate "1998.01.??"]

1. e4 e5 2. Nf3 f5 3. d3 Nc6 4. Nc3 Nf6 5. exf5 Bc5 6. Be3 Qe7 7. Bxc5 Qxc5 8.
Qd2 d5 9. O-O-O Bxf5 10. Nxe5 d4 11. Nxc6 dxc3 12. Qxc3 Qxc3 13. bxc3 bxc6 14.
Re1+ Kd7 15. Be2 Nd5 16. Kd2 Rab8 17. Rb1 Rhf8 18. g4 Be6 19. f3 Nf4 20. c4 c5
21. Rb3 Rb6 22. Rhb1 Ra6 23. Ra1 Re8 24. Bf1 Kd6 25. a3 Bd7 26. Rbb1 Bc6 27.
Re1 Rxe1 28. Kxe1 Bxf3 29. Kf2 Bc6 30. Ke3 g5 31. d4 Rb6 32. dxc5+ Kxc5 33. Bd3
h6 34. Re1 Ng2+ 0-1

[Event "Michigan Class D/E"]
[Site "Grand Rapids, MI"]
[Date "1998.??.??"]
[Round "?"]
[White "Ryskamp, John"]
[Black "Frelander, Marc"]
[Result "1-0"]
[WhiteElo "1605"]
[BlackElo "1605"]
[PlyCount "81"]
[EventDate "1998.01.??"]

1. e4 e5 2. Nf3 Nc6 3. Bb5 Nge7 4. O-O d6 5. h3 Bd7 6. c3 f5 7. Re1 a6 8. Ba4
d5 9. exd5 Nxd5 10. Nxe5 Nxe5 11. Rxe5+ Ne7 12. d4 g6 13. Bb3 Bg7 14. Re1 c6
15. Bg5 Bf8 16. Qe2 b5 17. Qe5 Rg8 18. Bxg8 Qb8 19. Qf6 Kd8 20. Qxf8+ Kc7 21.
Bf4+ Kb7 22. Bxb8 Rxb8 23. Qxe7 Kc7 24. Be6 Rd8 25. Bxd7 Rxd7 26. Qe8 a5 27.
Re7 Rxe7 28. Qxe7+ Kb6 29. Qxh7 b4 30. cxb4 axb4 31. Qxg6 Kb5 32. Nd2 c5 33.
dxc5 Kxc5 34. Qxf5+ Kb6 35. Rc1 b3 36. Nxb3 Kb7 37. Qd5+ Kb8 38. Rc6 Kb7 39.
Rh6+ Kc7 40. Qf7+ Kd8 41. Rh8# 1-0

[Event "U.S. Amateur North"]
[Site "Detroit, MI"]
[Date "1998.??.??"]
[Round "?"]
[White "Ryan, Mark"]
[Black "Schey, Danny"]
[Result "1/2-1/2"]
[WhiteElo "1605"]
[BlackElo "1735"]
[PlyCount "102"]
[EventDate "1998.05.??"]

{5/23} 1. d4 Nf6 2. c4 g6 3. Nc3 Bg7 4. e4 O-O 5. e5 Ne8 6. f4 d6 7. Nf3 Bg4 8.
Be2 c5 9. dxc5 Nc6 10. cxd6 exd6 11. O-O dxe5 12. Nxe5 Bxe2 13. Qxe2 Nxe5 14.
fxe5 Qd4+ 15. Kh1 Qxe5 16. Qxe5 Bxe5 17. Re1 Bxc3 18. bxc3 Nd6 19. Ba3 Rfd8 20.
Bxd6 Rxd6 21. Re7 Rad8 22. Rae1 R6d7 23. h3 Kf8 24. R7e4 Rd3 25. Re7 Rd1 26.
Kg1 Rxe1+ 27. Rxe1 Rd2 28. Rb1 b6 29. a4 Ra2 30. Rb4 Ra3 31. Kf2 Rxc3 32. a5
bxa5 33. Rb7 Rxc4 34. Rxa7 Ra4 35. Ke3 Ra2 36. g3 g5 37. Ke4 Kg7 38. Kf5 h6 39.
Kg4 Ra3 40. h4 gxh4 41. gxh4 Ra1 42. Kh5 a4 43. Ra6 a3 44. Rxh6 Rf1 45. Ra6 Rf3
46. Kg4 Rb3 47. Kg5 f6+ 48. Kf5 Rg3 49. Kf4 Rb3 50. Kf5 Rb5+ 51. Kf4 Rb4+
1/2-1/2

[Event "U.S. Amateur North"]
[Site "Detroit, MI"]
[Date "1998.??.??"]
[Round "?"]
[White "Ryan, Mark"]
[Black "LaForge, Tom"]
[Result "0-1"]
[WhiteElo "1605"]
[BlackElo "2000"]
[PlyCount "86"]
[EventDate "1998.05.??"]

{5/23} 1. d4 d5 2. c4 e6 3. Nc3 Be7 4. Nf3 Nf6 5. Bg5 O-O 6. cxd5 exd5 7. e3 c6
8. Be2 Nbd7 9. O-O Re8 10. Re1 Nf8 11. Qc2 h6 12. Bxf6 Bxf6 13. h3 Qd6 14. Rad1
Qe6 15. e4 dxe4 16. Nxe4 Qf5 17. Nxf6+ Qxf6 18. Bc4 Bxh3 19. Bxf7+ Qxf7 20. Ne5
Bf5 21. Nxf7 Bxc2 22. Rxe8 Rxe8 23. Nd6 Bxd1 24. Nxe8 Ne6 25. Nd6 b6 26. Nc8
Nxd4 27. Nxa7 Kf7 28. Nc8 b5 29. Nd6+ Ke6 30. Ne4 Bc2 31. Ng3 g6 32. Kf1 Nf5
33. Nh1 Bb1 34. a3 Kd5 35. Ke1 Kc4 36. Kd2 Nd4 37. Kc1 Be4 38. f3 Nxf3 39. gxf3
Bxf3 40. Ng3 h5 41. Kd2 h4 42. Nf1 Kb3 43. Ke3 Bh5 0-1

[Event "U.S. Amateur North"]
[Site "Detroit, MI"]
[Date "1998.??.??"]
[Round "?"]
[White "Ryan, Mark"]
[Black "Grzegorczyk, Ron"]
[Result "1/2-1/2"]
[WhiteElo "1605"]
[BlackElo "1615"]
[PlyCount "133"]
[EventDate "1998.05.??"]

{5/24} 1. d4 d5 2. c4 c6 3. Nc3 e6 4. Nf3 Nd7 5. Bg5 Be7 6. Bxe7 Nxe7 7. cxd5
exd5 8. e3 O-O 9. Be2 Ng6 10. O-O Nf6 11. h3 Be6 12. Re1 Qd7 13. Bf1 Ne4 14.
Rc1 Kh8 15. Ne5 Nxe5 16. dxe5 f5 17. exf6 Nxf6 18. Rc2 Qf7 19. Qf3 Qg6 20. Qe2
Bxh3 21. Rd2 Bf5 22. f3 Rf7 23. Qf2 Raf8 24. Be2 Re8 25. Nd1 b6 26. b4 c5 27.
bxc5 bxc5 28. Bb5 Rb8 29. Ba4 Rb4 30. Bc6 Be6 31. e4 d4 32. Qe2 Bc4 33. Qf2 Rc7
34. Bd5 Nxd5 35. exd5 Bxd5 36. Qe2 h6 37. Qe5 Qf7 38. Nb2 Rbb7 39. Qe8+ Qxe8
40. Rxe8+ Kh7 41. Re5 Bxa2 42. Na4 Bf7 43. Nxc5 Rb5 44. Nd3 Rb1+ 45. Kf2 Bg6
46. Rd5 Rc3 47. Ne5 d3 48. Nxg6 Kxg6 49. R5xd3 Rxd3 50. Rxd3 Rb2+ 51. Kg3 a5
52. Rd6+ Kh7 53. Ra6 Rb5 54. f4 g5 55. Kg4 gxf4 56. Kxf4 Rb4+ 57. Kf5 Rb5+ 58.
Kg4 h5+ 59. Kh4 Kg7 60. g4 hxg4 61. Kxg4 Kf7 62. Kf4 Ke7 63. Ke4 Kd7 64. Kd4
Kc7 65. Kc4 Rb4+ 66. Kc5 Rg4 67. Rxa5 1/2-1/2

[Event "Kalamazoo Mini-Swiss.3"]
[Site "Kalamazoo, MI"]
[Date "1998.??.??"]
[Round "?"]
[White "Russell, Scott"]
[Black "Tuzeneu, Jim"]
[Result "1-0"]
[WhiteElo "1605"]
[BlackElo "1605"]
[PlyCount "35"]
[EventDate "1998.??.??"]

1. d4 d5 2. c4 c6 3. Nc3 Nf6 4. cxd5 cxd5 5. Bf4 Nc6 6. Rc1 Bd7 7. e3 g6 8. Be5
Nxe5 9. dxe5 Ne4 10. Nxd5 Rc8 11. Bd3 Qa5+ 12. b4 Qxd5 13. Rxc8+ Bxc8 14. Qc2
Bf5 15. Nf3 Bg7 16. Nd4 Qxe5 17. Bb5+ Bd7 18. Qc8# 1-0

[Event "Kalamazoo Mini-Swiss.2"]
[Site "Kalamazoo, MI"]
[Date "1998.??.??"]
[Round "?"]
[White "Russell, Scott"]
[Black "Strahan, S."]
[Result "1-0"]
[WhiteElo "1605"]
[BlackElo "1605"]
[PlyCount "79"]
[EventDate "1998.??.??"]

1. d4 d5 2. c4 Bf5 3. Nc3 e6 4. Nf3 Nf6 5. Bg5 Bd6 6. e3 O-O 7. Bd3 Bxd3 8.
Qxd3 Re8 9. a3 e5 10. cxd5 e4 11. Nxe4 Nbd7 12. O-O Be7 13. Bxf6 Nxf6 14. Nc3
Nxd5 15. Ne5 Nf6 16. Nb5 c6 17. Qb3 Nd5 18. Nc3 Rb8 19. e4 Bf6 20. exd5 Bxe5
21. dxe5 Rxe5 22. dxc6 bxc6 23. Qc2 Qc7 24. Rfe1 Rh5 25. g3 Qd7 26. Qe2 g6 27.
Ne4 Qe6 28. b4 Re5 29. Nf6+ Kg7 30. Qxe5 Qxe5 31. Rxe5 Kxf6 32. Rae1 Rd8 33.
Re7 a6 34. Ra7 Rd3 35. Rxa6 Rc3 36. Ra5 Kg7 37. Ra1 f5 38. Rc5 Rxc5 39. bxc5
Kf7 40. Rd1 1-0

[Event "Michigan Open Reserve"]
[Site "Flint, MI"]
[Date "1998.??.??"]
[Round "?"]
[White "Russell, Scott"]
[Black "Roth, Bruce"]
[Result "1-0"]
[WhiteElo "1605"]
[BlackElo "1605"]
[PlyCount "141"]
[EventDate "1998.09.??"]

1. d4 Nf6 2. c4 e6 3. Nf3 d5 4. cxd5 exd5 5. a3 Be7 6. e3 O-O 7. Bd3 Be6 8. O-O
h6 9. Nc3 Nbd7 10. Bc2 a6 11. Qd3 Re8 12. e4 Nf8 13. e5 N6d7 14. h3 b5 15. Nh2
c5 16. f4 cxd4 17. Ne2 Nb6 18. f5 Bd7 19. Ng4 Bg5 20. f6 Bxc1 21. Raxc1 Bxg4
22. fxg7 Kxg7 23. hxg4 Rxe5 24. Nf4 Nbd7 25. Qxd4 Qg5 26. Bf5 Rae8 27. Rfe1 Kg8
28. Rxe5 Rxe5 29. g3 Qg7 30. Qa7 Rxf5 31. gxf5 Qxg3+ 32. Ng2 Qg5 33. Rc3 Qxf5
34. Rg3+ Kh7 35. Qd4 f6 36. Qe3 Ne5 37. Qc1 Nf3+ 38. Kf2 Nd4+ 39. Nf4 Nde6 40.
Rf3 Qe4 41. Nxe6 Qxe6 42. Qc2+ Kg7 43. Qc7+ Nd7 44. Qg3+ Kf7 45. Qh4 Ne5 46.
Rc3 Qf5+ 47. Ke2 Nc4 48. Qxh6 Qe4+ 49. Kf2 Qd4+ 50. Kg3 Qe5+ 51. Qf4 Nxb2 52.
Qxe5 fxe5 53. Rc6 d4 54. Rxa6 Ke7 55. Kf2 e4 56. Rb6 Nc4 57. Rxb5 Kd6 58. a4
Kc6 59. Rb1 e3+ 60. Ke2 Kd5 61. a5 d3+ 62. Kxd3 Kc5 63. a6 Nb6 64. Kxe3 Kc6 65.
Kd4 Na8 66. a7 Kc7 67. Kc5 Kd7 68. Rb8 Kc7 69. Rxa8 Kb7 70. Rb8+ Kxa7 71. Rb1
1-0

[Event "Kalamazoo Mini-Swiss.1"]
[Site "Kalamazoo, MI"]
[Date "1998.??.??"]
[Round "?"]
[White "Russell, Scott"]
[Black "Moore, Robert"]
[Result "1/2-1/2"]
[WhiteElo "1605"]
[BlackElo "1605"]
[PlyCount "93"]
[EventDate "1998.??.??"]

1. d4 d6 2. c4 g6 3. Nf3 Bg7 4. e3 Nd7 5. Be2 e5 6. d5 f5 7. e4 fxe4 8. Ng5
Ndf6 9. O-O Ne7 10. f3 exf3 11. Rxf3 O-O 12. Nc3 Nf5 13. Nce4 Nxe4 14. Nxe4 h6
15. Bd3 Bd7 16. Nf2 Kh7 17. Qc2 Qe8 18. Bxf5 Bxf5 19. Qb3 b6 20. g4 Bd7 21. Rh3
Qf7 22. Qe3 g5 23. Bd2 Qg6 24. Qxg5 Qxg5 25. Bxg5 Rf7 26. Be3 Raf8 27. Rh4 Rf3
28. Re1 Kg6 29. Ne4 Rh8 30. g5 hxg5 31. Rxh8 Bxh8 32. Bxg5 Rf8 33. h4 Bf5 34.
Nc3 a6 35. a3 Bf6 36. Re3 Bxg5 37. Rg3 Kh5 38. Rxg5+ Kxh4 39. Rg7 Rc8 40. Na2
a5 41. Nc3 Bd3 42. b3 Bc2 43. b4 axb4 44. axb4 Bd3 45. c5 bxc5 46. bxc5 dxc5
47. Kf2 1/2-1/2

[Event "Michigan Amateur"]
[Site "Kalamazoo "]
[Date "1998.??.??"]
[Round "?"]
[White "Russell, Scott"]
[Black "Jacobs, Ron"]
[Result "1-0"]
[WhiteElo "1605"]
[BlackElo "1605"]
[PlyCount "67"]
[EventDate "1998.07.??"]

{7/19} 1. d4 f5 2. Nf3 Nf6 3. e3 e6 4. c4 c6 5. Bd3 d5 6. c5 Be7 7. O-O O-O 8.
Nc3 Nbd7 9. Ne2 Ne4 10. Nf4 Ndf6 11. Bxe4 Nxe4 12. Ne5 Qe8 13. Nh5 g6 14. Nf4
Kh8 15. Nh3 Ng5 16. Nf4 Nf7 17. Nfxg6+ hxg6 18. Nxg6+ Kg7 19. Nxf8 Qxf8 20. e4
Qh8 21. exf5 exf5 22. a4 Bd7 23. Ra3 b6 24. Rh3 Qd8 25. Qh5 Qh8 26. Qe2 Qd8 27.
Qd3 Qc7 28. Re1 Bf6 29. Ree3 f4 30. Rh7+ Kf8 31. Qg6 Be8 32. Rh8+ Bxh8 33. Rf3
Qe7 34. Kf1 {[Remainder illegible]} 1-0

[Event "Kalamazoo Mini-Swiss.2"]
[Site "Kalamazoo, MI"]
[Date "1998.??.??"]
[Round "?"]
[White "Russell, Scott"]
[Black "Hess, Michael"]
[Result "1-0"]
[WhiteElo "1605"]
[BlackElo "1605"]
[PlyCount "63"]
[EventDate "1998.??.??"]

1. d4 Nf6 2. c4 e6 3. Nf3 b6 4. e3 Bb7 5. Bd3 Bd6 6. Nbd2 Nc6 7. O-O Nb4 8. Bb1
c5 9. a3 Nc6 10. Ne4 Nxe4 11. Bxe4 cxd4 12. exd4 Qf6 13. Bg5 Qxg5 14. Nxg5 Bf4
15. Nxf7 Kxf7 16. Qf3 g5 17. g3 Nxd4 18. Qh5+ Ke7 19. Bxb7 Rag8 20. gxf4 gxf4+
21. Bg2 f3 22. Qh4+ Ke8 23. Qxd4 fxg2 24. Rfe1 Rf8 25. Rad1 Rf7 26. Qxh8+ Ke7
27. Qc8 d6 28. Qc7+ Kf6 29. Qxd6 Rg7 30. Rd3 Re7 31. Rf3+ Kg6 32. Qg3+ 1-0

[Event "Michigan Open Reserve"]
[Site "Flint, MI"]
[Date "1998.??.??"]
[Round "?"]
[White "Russell, Scott"]
[Black "Griffin, John"]
[Result "0-1"]
[WhiteElo "1605"]
[BlackElo "1605"]
[PlyCount "98"]
[EventDate "1998.09.??"]

1. d4 Nf6 2. c4 e6 3. Nf3 b6 4. e3 Bb7 5. Bd3 d5 6. O-O Be7 7. cxd5 exd5 8. Nc3
O-O 9. Bc2 Nbd7 10. Qd3 c5 11. b3 h6 12. Ne5 Re8 13. Ng4 Nf8 14. Nxh6+ gxh6 15.
e4 dxe4 16. Qg3+ Kh8 17. Bxh6 Ng6 18. dxc5 Qb8 19. cxb6 Qxg3 20. fxg3 Bc5+ 21.
Kh1 Bd4 22. Bg5 Kg7 23. Bd2 axb6 24. Rac1 Ng4 25. Be1 e3 26. Bxg6 fxg6 27. Ne2
Be5 28. Bc3 Bxc3 29. Rxc3 Re7 30. a4 Ba6 31. Re1 Rd8 32. Nc1 e2 33. Nxe2 Bxe2
34. h3 Rd1 35. Rxd1 Nf2+ 36. Kg1 Nxd1 37. Rc1 Ne3 38. Re1 Nc2 39. Rc1 Nd4 40.
b4 Ba6 41. Ra1 Rf7 42. b5 Bb7 43. a5 Ne2+ 44. Kh2 bxa5 45. h4 Rf2 46. Rxa5
Rxg2+ 47. Kh3 Rxg3+ 48. Kh2 Rg2+ 49. Kh3 Nf4# 0-1

[Event "Michigan Open Reserve"]
[Site "Flint, MI"]
[Date "1998.??.??"]
[Round "?"]
[White "Russell, Scott"]
[Black "Gregg, Ted"]
[Result "0-1"]
[WhiteElo "1605"]
[BlackElo "1605"]
[PlyCount "142"]
[EventDate "1998.09.??"]

1. d4 d5 2. c4 e6 3. cxd5 exd5 4. Nf3 Nf6 5. a3 Bd6 6. Nc3 O-O 7. Bg5 c6 8. e3
Bg4 9. Bd3 Nbd7 10. Bxf6 Nxf6 11. O-O Qc7 12. g3 h6 13. Be2 Bh3 14. Re1 Rfe8
15. Bf1 Bg4 16. Bg2 Re7 17. Qc2 Rae8 18. Nd2 Bh5 19. b4 b5 20. Nb3 Bg6 21. Qb2
Qc8 22. Rac1 a6 23. Na5 Rc7 24. a4 Be4 25. axb5 cxb5 26. Bxe4 Nxe4 27. Nxd5
Rxc1 28. Rxc1 Qh3 29. Qc2 Ng5 30. Qe2 Qf5 31. f4 Ne4 32. Nc3 Bxb4 33. Nxb5 Qxb5
34. Qxb5 axb5 35. Nb3 Bd2 36. Nxd2 Nxd2 37. Kf2 Nc4 38. Rc3 f5 39. Rb3 Rb8 40.
Rb4 Kf7 41. Ke2 Ke6 42. Kd3 Kd5 43. Rb1 b4 44. Rb3 g6 45. h3 h5 46. h4 Na5 47.
Rb1 b3 48. Kc3 b2 49. Rxb2 Rxb2 50. Kxb2 Nc4+ 51. Kc2 Nxe3+ 52. Kd3 Nf1 53. g4
hxg4 54. Ke2 Nh2 55. Kf2 Kxd4 56. Kg2 Nf3 57. Kg3 Ke4 58. Kg2 Kxf4 59. Kh1 Nxh4
60. Kh2 g3+ 61. Kh3 g2 62. Kh2 g5 63. Kh3 g4+ 64. Kh2 g3+ 65. Kg1 Nf3+ 66. Kxg2
Kg4 67. Kh1 f4 68. Kg2 Nd2 69. Kh1 f3 70. Kg1 f2+ 71. Kg2 f1=Q# 0-1